| 000 | 00541nam a2200205Ia 4500 | ||
|---|---|---|---|
| 001 | 15136 | ||
| 003 | GE_BSU | ||
| 008 | 181216s||||||||xx |||||||||||||| ||und|| | ||
| 040 | _cGE_BSU | ||
| 100 | _aВиленкин,Н.Я. | ||
| 245 | _aРассказы о множествах | ||
| 245 | _cРед.Р.С.Гутер | ||
| 250 | _a2-е изд.испр. и доп. | ||
| 260 | _aМосква | ||
| 260 | _bНаука | ||
| 260 | _c1969 | ||
| 300 | _a158стр.20см. | ||
| 653 | _aРассказы о множествах | ||
| 942 | _cBK | ||
| 999 |
_c48252 _d48252 |
||